Click All Non-European Cities - Sudden Death - Statistics

General Stats
  • This quiz has been taken 34 times
  • The average score is 5 of 14
Answers on the Grid
Answers color-coded by a green-red scale on the quiz's grid according to % correct below.
Vigan
Malacca
Valletta
Harbin
Ghent
Berat
Krabi
Omis
Oradea
Lucca
Kotor
Portree
Ohrid
Arequipa
Frutillar
Delphi
Nusantara
Kassel
Boise
Madison
Sighisoara
Lima
Bakau
Shahdol
Georgetown
Diemoz
Edsvalla
Conduaga
Annecy
Mostar
 
Answer Stats
Answer % Correct
Georgetown
69%
Lima
65%
Boise
50%
Madison
50%
Harbin
46%
Malacca
38%
Arequipa
31%
Conduaga
23%
Nusantara
23%
Bakau
19%
Krabi
12%
Shahdol
12%
Vigan
12%
Frutillar
0%
No matching quizzes found
Score Distribution
Percent of People with Each Score
Percentile by Number Answered
Your Score History
You have not taken this quiz